01206nam0a22002651 4500001001100000005001700011021001700028021002000045035002600065100004100091101000800132102000700140105001800147200024100165210003200406215002000438300009600458532016500554702003400719702004400753712008400797801001800881801002200899852001900921rc\318259020260426030849.0 aRUb75-41593 aRUbРг8896-75 a(NLR Aleph) 007335148 a20120628d1975 |||y0rusy50 ca0 arus aRU ay c |||||1 aМетодические указания по бонитировке почв СССРeПроектfГос. НИИ земельных ресурсов МСХ СССР. Почв. ин-т им. В.В. Докучаева. ВАСХНИЛ aМоскваcБ. и.d1975 a[2], 59 с.d21 aНа 2-й с.: разраб. Клопотовский А.П. и Карманов И.И.12aМетодические указания по бонитировке почв Союза Советских Социалистических Республик 1aКармановbИ.И.4570 1aКлопотовскийbА.П.457002aНИИ земельных ресурсовcМытищи3RU\NLR\AUTH\889920198 0aRUbNLRgpsbo 1aRUbELAR2rusmarc aNLRj75-4/6574